Positive psychology : (Record no. 20071)
[ view plain ]
| 000 -LEADER | |
|---|---|
| fixed length control field | 00413nam a22001457a 4500 |
| 008 - FIXED-LENGTH DATA ELEMENTS--GENERAL INFORMATION | |
| fixed length control field | 230316b |||||||| |||| 00| 0 eng d |
| 020 ## - INTERNATIONAL STANDARD BOOK NUMBER | |
| International Standard Book Number | 978-0335262182 |
| 050 ## - LIBRARY OF CONGRESS CALL NUMBER | |
| Classification number | BF204.6 |
| Item number | .B66 2019 |
| 100 ## - MAIN ENTRY--PERSONAL NAME | |
| Personal name | Boniwell, Iiona |
| 245 ## - TITLE STATEMENT | |
| Title | Positive psychology : |
| Remainder of title | Theory, research and applications |
| 250 ## - EDITION STATEMENT | |
| Edition statement | 2nd ed. |
| 260 ## - PUBLICATION, DISTRIBUTION, ETC. (IMPRINT) | |
| Place of publication, distribution, etc. | London |
| Name of publisher, distributor, etc. | McGraw open university press |
| Date of publication, distribution, etc. | 2019 |
| 300 ## - PHYSICAL DESCRIPTION | |
| Extent | xiv, 313p. |
| 942 ## - ADDED ENTRY ELEMENTS (KOHA) | |
| Source of classification or shelving scheme | Library of Congress Classification |
| Koha item type | General Collection |
| Withdrawn status | Lost status | Source of classification or shelving scheme | Not for loan | Home library | Current library | Date acquired | Cost, normal purchase price | Inventory number | Total Checkouts | Full call number | Barcode | Checked out | Date last seen | Date last checked out | Copy number | Price effective from | Koha item type |
|---|---|---|---|---|---|---|---|---|---|---|---|---|---|---|---|---|---|
| Library of Congress Classification | Kabarak, Main Campus | Kabarak, Main Campus | 16/03/2023 | 4174.00 | 0787/2022 | 1 | BF204.6 .B66 2019 C.1 | 032300 | 03/07/2026 | 17/06/2026 | 17/06/2026 | C.1 | 16/03/2023 | General Collection |